Top 15 Biggest Countries of 2026 - Statistics

General Stats
  • This quiz has been taken 22 times
  • The average score is 13 of 15
Answer Stats
Rank Answer Land Area (km²) % Correct
5 Brazil 8,515,767
100%
2 Canada 9,984,670
100%
13 Mexico 1,964,375
100%
1 Russia 17,098,242
100%
4 United States 9,525,067
100%
8 Argentina 2,780,400
95%
6 Australia 7,692,024
95%
3 China 9,596,961
95%
7 India 3,287,263
95%
10 Algeria 2,381,741
85%
9 Kazakhstan 2,724,900
80%
11 DR Congo 2,344,858
75%
14 Indonesia 1,904,569
75%
12 Saudi Arabia 2,149,690
75%
15 Sudan 1,886,068
60%
No matching quizzes found
Score Distribution
Percent of People with Each Score
Percentile by Number Answered
Your Score History
You have not taken this quiz